000 00536nam a22001817a 4500
999 _c190621
_d190621
005 20220801145017.0
010 _aENG-134117
020 _a9788179981535
_c125.00
035 _aEN-117649
037 _bDBAB/PUB
082 _a800
100 _aHudson, William Henry
245 _aEnglish Literature/
_cWilliam Henry Hudson
260 _aJaipur
_bMalik & Company
_c2015
270 _a337, Chaura Rasta
_bJaipur
_e302003
_mmalikbooks337@yahoo.in
300 _ax, 318p.
_bIndex
_c22cm(pbk)
942 _2ddc
_cEN
_h800
_mHUD